000 00184 a2200097 4500
020 _a070993007508
041 _aeng
100 _aNicholas Sparks
245 _aThe Guardian
942 _cBK
999 _c12057
_d12057